Formas de organización y responsabilidad de las empresas de la salud (Registro nro. 3407)

Detalles MARC
000 -LEADER
fixed length control field 02004 a2200229 4500
001 - CONTROL NUMBER
control field 41187
005 - DATE AND TIME OF LATEST TRANSACTION
control field 20260407155705.0
008 - FIXED-LENGTH DATA ELEMENTS--GENERAL INFORMATION
fixed length control field 260407a1999 arg spa d
003 - CONTROL NUMBER IDENTIFIER
control field AR-UNSa-BCEJYS
040 ## - CATALOGING SOURCE
Original cataloging agency AR-UNSa-BCEJYS
Language of cataloging spa
Transcribing agency AR-UNSa-BCEJYS
080 ## - UNIVERSAL DECIMAL CLASSIFICATION NUMBER
Universal Decimal Classification number 347.51
Common auxiliary subdivision Responsabilidad civil en general
020 ## - INTERNATIONAL STANDARD BOOK NUMBER
International Standard Book Number 950-894-165-0
041 ## - LANGUAGE CODE
Language code of text/sound track or separate title spa
100 1# - MAIN ENTRY--PERSONAL NAME
Personal name Monti, José Luis
245 10 - TITLE STATEMENT
Title Formas de organización y responsabilidad de las empresas de la salud
264 #1 - PRODUCTION, PUBLICATION, DISTRIBUTION, MANUFACTURE, AND COPYRIGHT NOTICE
Place of production, publication, distribution, manufacture Buenos Aires :
Name of producer, publisher, distributor, manufacturer AD-HOC
Date of production, publication, distribution, manufacture, or copyright notice 1999
300 ## - PHYSICAL DESCRIPTION
Extent 299 p.
Dimensions 23 cm.
505 ## - FORMATTED CONTENTS NOTE
Formatted contents note 1. Introducción. Pautas metodológicas. La realidad contemporánea: la organización empresaria en la presentación del servicio médico. Empresa médica individual y pluripersonal. Normas aplicables: Código Civil y Ley de Sociedades Comerciales - 2. La persona jurídica. Nociones generales. Clasificación: los tipos legales básicos. Características comunes a las diversas formas de organización de las personas jurídicas de carácter privado - 3. La persona jurídica en la actividad médica. Incidencia de la Ley 17.132 y normas complementarias. La Ley 23.798 sobre SIDA. Los Comités hospitalarios de ética (Ley 24.742) - 4. Formas de organización de las personas jurídicas. Asociaciones propiamente dichas y simples asociaciones. Asociaciones mutuales. Fundaciones. Cooperativas. Los contratos de colaboración empresaria - 5. Sociedades. Examen estructural de la sociedad civil como prototipo de organización plural de los médicos u otros profesionales del arte de curar - 6. Presupuestos generales de la responsabilidad civil en la actividad médica - 7. Responsabilidad de los establecimientos asistenciales - 8. Responsabilidad de las obras sociales - 9. Las entidades que organizan servicios médicos prepagos. Relación con los adherentes. Responsabilidad
590 ## - LOCAL NOTE (RLIN)
Local note niveau_biblio:m niveau_hierar:0
856 41 - ELECTRONIC LOCATION AND ACCESS
Uniform Resource Identifier <a href="https://biblioeco.unsa.edu.ar/pmb/images/libros/L126425.jpg">https://biblioeco.unsa.edu.ar/pmb/images/libros/L126425.jpg</a>
Link text Imagen de portada
Electronic format type image/jpeg
942 ## - ADDED ENTRY ELEMENTS (KOHA)
Koha item type
Existencias
Withdrawn status Lost status Damaged status Not for loan Home library Current library Shelving location Date acquired Total checkouts Full call number Barcode Date last seen Price effective from Koha item type
        Biblioteca Prof. Eusebio Cleto del Rey Biblioteca Prof. Eusebio Cleto del Rey   07/04/2026   347.51 M791 L126425 07/04/2026 07/04/2026 Libro